000 00407nam a2200157Ia 4500
008 230917s9999||||xx |||||||||||||| ||und||
020 _cRS300
040 _e31210
_aMAIN
041 _aEnglish
082 _a822.09 D79D
100 _aKushwaha, M S, ed.
245 0 _aDramatic theory and practice: Indian and Western
260 _aNew Delhi
_bCreative Books
_c2000
300 _avii, 152 p.
942 _cBK
999 _c104336
_d104336